Odtok povrchových vôd z územia Slovenska

Z celkového množstva vody na Zemi je pre človeka využiteľná iba nepatrná časť - 0,01 perc. Fyzicko-geografické podmienky odtoku. Hydrografický režim. Disponibilné vodné zdroje Slovenska. Podiel Slovenska na svetovom a európskom odtoku.

Guardado en:
Detalles Bibliográficos
Autor principal: Makeľ, M.
Formato: Capítulo de libro
Lenguaje:eslovaco
Materias:
Etiquetas: Agregar Etiqueta
Sin Etiquetas, Sea el primero en etiquetar este registro!

MARC

LEADER 00000naa a2200000 4500
001 r024541
005 20221205091524.2
041 0 |a slo 
044 |a SK 
245 1 0 |a Odtok povrchových vôd z územia Slovenska  |c M. Makeľ 
520 |a Z celkového množstva vody na Zemi je pre človeka využiteľná iba nepatrná časť - 0,01 perc. Fyzicko-geografické podmienky odtoku. Hydrografický režim. Disponibilné vodné zdroje Slovenska. Podiel Slovenska na svetovom a európskom odtoku. 
610 2 0 |a zdroje vodné 
610 2 0 |a Slovensko 
610 2 0 |a svet 
610 2 0 |a Európa 
610 2 0 |a voda 
610 2 0 |a hydrológia 
610 2 0 |a toky vodné 
100 1 |a Makeľ, M.